Statistics for Animal Alphabet Picture 46

Click here to take the quiz!

General Stats

  • This quiz has been taken 14 times
  • The average score is 21 of 26

Answer Stats

Answer% Correct
Crocodile
100%
Jaguar
100%
Koala
100%
Wolf
100%
Beaver
93%
Dolphin
93%
Eagle
93%
Fox
93%
Goat
93%
Hyena
93%
Iguana
93%
Lemur
93%
Otter
93%
Raccoon
93%
Seal
93%
Tiger
93%
Unicorn
93%
Zebra
93%
Armadillo
86%
Yak
86%
Poodle
79%
Vampire Bat
64%
Macaw
57%
Quetzal
29%
Numbat
14%
Xerus
7%

Score Distribution

Percentile by Number Answered

Percent of People with Each Score

Your Score History

You have not taken this quiz